{"text_format":"2","workbook":"xlsx","n_sheets":2,"sheets":["packing","Sheet"],"not_rendered":{"charts":0,"images":0,"macros":0,"external_links":0,"defined_names":1,"comments":0,"pivot_tables":0},"unopened":[],"bounds":{"document_bytes":16777216,"sheet_cells":100000,"run_cost":"one","rows_first":2000,"rows_last":500,"rows_between":2000,"halvings":0,"cell_chars":16384,"cell_head_chars":4096},"cells_cut":0,"cells_raw":0,"read":"whole","date_system":"1900"}

{"sheet":"packing","index":0,"n_rows":109,"n_cols":25,"rows_kept":109,"cut":false,"hidden":false,"merged":[]}
["DATA","FURNIZOR","CF","CountryOfOrigin","EXP","DeliveryTermsCode","ACode","Bcode","TransportCode","INVNR","VSCODE","NAME","GROUP","UM","Q","PRICE","NETWEIGHT","NETVALUE","SUPPL","SUPPLVALUE","Ppacking","Spacking","Paper","Plastic","Wooden"]
["2023-05-04","ATLAS DIGITAL SA","EL094154295","JP","GR","EXW",1,1.1,3,null,"32151100","ROLAND EUV4 BK",null,"Buc",14,300,6.58,4200,null,null,2.1,5.32]
["2023-05-04","ATLAS DIGITAL SA","EL094154295","JP","GR","EXW",1,1.1,3,null,"32151900","ROLAND EUV4 CY",null,"Buc",10,300,4.699999999999999,3000,null,null,1.5,3.8]
["2023-05-04","ATLAS DIGITAL SA","EL094154295","JP","GR","EXW",1,1.1,3,null,"32151900","ROLAND EUV4 GL",null,"Buc",20,300,9.399999999999999,6000,null,null,3,7.6]
["2023-05-04","ATLAS DIGITAL SA","EL094154295","JP","GR","EXW",1,1.1,3,null,"32151900","ROLAND EUV4 MG",null,"Buc",18,300,8.459999999999999,5400,null,null,2.7,6.84]
["2023-05-04","ATLAS DIGITAL SA","EL094154295","JP","GR","EXW",1,1.1,3,null,"32151900","ROLAND EUV4 YE",null,"Buc",13,300,6.109999999999999,3900,null,null,1.95,4.94]
["2023-05-04","ATLAS DIGITAL SA","EL094154295","JP","GR","EXW",1,1.1,3,null,"32151900","ROLAND EUV4 WH",null,"Buc",75,300,35.25,22500,null,null,11.25,28.5]
["2023-05-04","ATLAS DIGITAL SA","EL094154295","JP","GR","EXW",1,1.1,3,null,"32151100","ROLAND TE2 INK BK 500cc",null,"Buc",20,205,14.2,4100,null,null,3.4,2.4]
["2023-05-04","ATLAS DIGITAL SA","EL094154295","JP","GR","EXW",1,1.1,3,null,"32151900","ROLAND TE2 INK CY 500cc",null,"Buc",18,205,12.78,3690,null,null,3.06,2.16]
["2023-05-04","ATLAS DIGITAL SA","EL094154295","JP","GR","EXW",1,1.1,3,null,"32151900","ROLAND TE2 INK MG 500cc",null,"Buc",20,205,14.2,4100,null,null,3.4,2.4]
["2023-05-04","ATLAS DIGITAL SA","EL094154295","JP","GR","EXW",1,1.1,3,null,"32151900","ROLAND TE2 INK CY 750cc",null,"Buc",8,285,13.68,2280,null,null,1.36,0.96]
["2023-05-04","ATLAS DIGITAL SA","EL094154295","JP","GR","EXW",1,1.1,3,null,"32151900","ROLAND TE2 INK MG 750cc",null,"Buc",14,285,23.94,3990,null,null,2.38,1.68]
["2023-05-04","ATLAS DIGITAL SA","EL094154295","JP","GR","EXW",1,1.1,3,null,"84439990","ROLAND TOOL HOLDER 15T-NDC10-52PB",null,"Buc",4,1800,0,7200,null,null,0,0]
["2023-05-04","ATLAS DIGITAL SA","EL094154295","JP","GR","EXW",1,1.1,3,null,"84439990","ROLAND COLLET YCC10-6, DIA 6.0-5.0 FOR NDC10",null,"Buc",2,415,0,830,null,null,0,0]
["2023-05-04","ATLAS DIGITAL SA","EL094154295","JP","GR","EXW",1,1.1,3,null,"84433900","ROLAND GR2-640 CUTTER 64\"",null,"Buc",1,18300,94,18300,null,null,0,32]
["2023-05-04","ATLAS DIGITAL SA","EL094154295","JP","GR","EXW",1,1.1,3,null,"84433900","ROLAND AP-640 RESIN PRINTER 64\", Incl. Take-Up",null,"Buc",1,66433.5,94,66433.5,null,null,0,32]
["2023-05-10","ATLAS DIGITAL SA","EL094154295","JP","GR","EXW",1,1.1,3,null,"32151900","ROLAND EUV4 GL",null,"Buc",2,300,0.9399999999999999,600,null,null,0.3,0.76]
["2023-05-10","ATLAS DIGITAL SA","EL094154295","JP","GR","EXW",1,1.1,3,null,"32151900","ROLAND TE2 INK YE 500cc",null,"Buc",5,205,3.55,1025,null,null,0.8500000000000001,0.6]
["2023-05-10","ATLAS DIGITAL SA","EL094154295","JP","GR","EXW",1,1.1,3,null,"32151900","ROLAND EUV4 MG",null,"Buc",7,300,3.29,2100,null,null,1.05,2.66]
["2023-05-10","ATLAS DIGITAL SA","EL094154295","JP","GR","EXW",1,1.1,3,null,"32151100","ROLAND TE2 INK BK 500cc",null,"Buc",2,205,1.42,410,null,null,0.34,0.24]
["2023-05-10","ATLAS DIGITAL SA","EL094154295","JP","GR","EXW",1,1.1,3,null,"32151900","ROLAND TE2 INK CY 500cc",null,"Buc",2,205,1.42,410,null,null,0.34,0.24]
["2023-05-10","ATLAS DIGITAL SA","EL094154295","JP","GR","EXW",1,1.1,3,null,"32151100","ROLAND TE2 INK BK 750cc",null,"Buc",2,285,3.42,570,null,null,0.34,0.24]
["2023-05-10","ATLAS DIGITAL SA","EL094154295","JP","GR","EXW",1,1.1,3,null,"84439990","ROLAND PAD,CUTTER GX-640",null,"Buc",3,110.5,0,331.5,null,null,0,0]
["2023-05-10","ATLAS DIGITAL SA","EL094154295","JP","GR","EXW",1,1.1,3,null,"32151900","ROLAND TE2 INK YE 750cc",null,"Buc",3,285,5.13,855,null,null,0.51,0.36]
["2023-05-10","ATLAS DIGITAL SA","EL094154295","JP","GR","EXW",1,1.1,3,null,"84439990","ROLAND ASSY,HEAD INKJET VS-640",null,"Buc",1,7275,0,7275,null,null,0,0]
["2023-05-10","ATLAS DIGITAL SA","EL094154295","JP","GR","EXW",1,1.1,3,null,"84439990","ROLAND ASSY,HEAD INKJET SV LEF2-300",null,"Buc",2,2565,0,5130,null,null,0,0]
["2023-05-10","ATLAS DIGITAL SA","EL094154295","JP","GR","EXW",1,1.1,3,null,"84439990","ROLAND ASSY,HEAD INKJET SOL XC-540 SV2",null,"Buc",2,2255,0,4510,null,null,0,0]
["2023-05-10","ATLAS DIGITAL SA","EL094154295","JP","GR","EXW",1,1.1,3,null,"32151900","ROLAND TE2 INK YE 500cc",null,"Buc",5,205,3.55,1025,null,null,0.8500000000000001,0.6]
["2023-05-10","ATLAS DIGITAL SA","EL094154295","JP","GR","EXW",1,1.1,3,null,"84439990","ROLAND MPH-90",null,"Buc",2,1192.5,0,2385,null,null,0,0]
["2023-05-10","ATLAS DIGITAL SA","EL094154295","JP","GR","EXW",1,1.1,3,null,"32151900","ROLAND TEXART INK 1L MG",null,"Buc",3,285,1.86,855,null,null,0.75,0.39]
["2023-05-10","ATLAS DIGITAL SA","EL094154295","JP","GR","EXW",1,1.1,3,null,"32151900","ROLAND TEXART INK 1L YE",null,"Buc",3,285,1.86,855,null,null,0.75,0.39]
["2023-05-10","ATLAS DIGITAL SA","EL094154295","JP","GR","EXW",1,1.1,3,null,"32151900","ROLAND EUV PR",null,"Buc",2,330,0.9399999999999999,660,null,null,0.3,0.76]
["2023-05-10","ATLAS DIGITAL SA","EL094154295","JP","GR","EXW",1,1.1,3,null,"32151900","ROLAND TEXART INK 1L CY",null,"Buc",2,285,1.24,570,null,null,0.5,0.26]
["2023-05-10","ATLAS DIGITAL SA","EL094154295","JP","GR","EXW",1,1.1,3,null,"32151900","ROLAND UV PRIMER GLASS CMR-747 (1000 ml)",null,"Buc",2,210,1.36,420,null,null,0.24,0.4]
["2023-05-10","ATLAS DIGITAL SA","EL094154295","JP","GR","EXW",1,1.1,3,null,"84439990","ROLAND ASSY,CAP-TOP 2 XC-540 (UV ink)",null,"Buc",10,136.5,0,1365,null,null,0,0]
["2023-05-10","ATLAS DIGITAL SA","EL094154295","JP","GR","EXW",1,1.1,3,null,"84439990","ROLAND WIPER,HEAD FELT VS-640",null,"Buc",20,45.5,0,910,null,null,0,0]
["2023-05-10","ATLAS DIGITAL SA","EL094154295","JP","GR","EXW",1,1.1,3,null,"32151100","ROLAND TEXART INK 1L BK",null,"Buc",1,285,0.62,285,null,null,0.25,0.13]
["2023-05-10","ATLAS DIGITAL SA","EL094154295","JP","GR","EXW",1,1.1,3,null,"84439990","ROLAND ASSY,SCAN MOTOR SJ-1045",null,"Buc",1,2431,0,2431,null,null,0,0]
["2023-05-10","ATLAS DIGITAL SA","EL094154295","JP","GR","EXW",1,1.1,3,null,"32151100","ROLAND EUV5 INK BK 500cc",null,"Buc",1,450,0.62,450,null,null,0.25,0.13]
["2023-05-10","ATLAS DIGITAL SA","EL094154295","JP","GR","EXW",1,1.1,3,null,"32151900","ROLAND EUV5 INK GL 500cc",null,"Buc",1,450,0.62,450,null,null,0.25,0.13]
["2023-05-10","ATLAS DIGITAL SA","EL094154295","JP","GR","EXW",1,1.1,3,null,"32151900","ROLAND EUV5 INK WH 220cc",null,"Buc",1,230,0.47,230,null,null,0.15,0.38]
["2023-05-10","ATLAS DIGITAL SA","EL094154295","JP","GR","EXW",1,1.1,3,null,"84439990","ROLAND DAMPER,INK VS-640_1",null,"Buc",10,276.25,0,2762.5,null,null,0,0]
["2023-05-10","ATLAS DIGITAL SA","EL094154295","JP","GR","EXW",1,1.1,3,null,"84439990","ROLAND ASSY,CAP-TOP VS-640_01",null,"Buc",10,227.5,0,2275,null,null,0,0]
["2023-05-10","ATLAS DIGITAL SA","EL094154295","JP","GR","EXW",1,1.1,3,null,"32151100","ROLAND MAX2 ESL4-440 BK",null,"Buc",6,395,3.72,2370,null,null,1.5,0.78]
["2023-05-10","ATLAS DIGITAL SA","EL094154295","JP","GR","EXW",1,1.1,3,null,"32151900","ROLAND MAX2 ESL4-440 YE",null,"Buc",3,395,1.86,1185,null,null,0.75,0.39]
["2023-05-10","ATLAS DIGITAL SA","EL094154295","JP","GR","EXW",1,1.1,3,null,"84439990","ROLAND CUTTING BLADE ZEC-U5022 55°/0.25, 2pcs",null,"Buc",10,165.75,0,1657.5,null,null,0,0]
["2023-05-10","ATLAS DIGITAL SA","EL094154295","JP","GR","EXW",1,1.1,3,null,"84439990","ROLAND CABLE-CARD,15P1 2850L",null,"Buc",2,104,0,208,null,null,0,0]
["2023-05-22","ATLAS DIGITAL SA","EL094154295","JP","GR","EXW",1,1.1,3,null,"84433900","ROLAND LEC2-640S-F300 UV FLATBED PRINTER 1615x2500",null,"Buc",1,242400,204,242400,null,null,0,55]
["2023-05-30","ATLAS DIGITAL SA","EL094154295","JP","GR","EXW",1,1.1,3,null,"84411070","ROLAND GS2-24 VINYL CUTTER",null,"Buc",1,5246.29,14,5246.29,null,null,0,4]
["2023-05-30","ATLAS DIGITAL SA","EL094154295","JP","GR","EXW",1,1.1,3,null,"32151900","ROLAND TE2 INK YE 500cc",null,"Buc",5,206.23,3.55,1031.15,null,null,0.8500000000000001,0.6]
["2023-05-30","ATLAS DIGITAL SA","EL094154295","JP","GR","EXW",1,1.1,3,null,"32151900","ROLAND MAX2 ESL4-440 YE",null,"Buc",3,397.37,1.86,1192.11,null,null,0.75,0.39]
["2023-05-30","ATLAS DIGITAL SA","EL094154295","JP","GR","EXW",1,1.1,3,null,"84439990","ROLAND CABLE-CARD,15P1 2730L BB HIGH-V",null,"Buc",1,117.7,0,117.7,null,null,0,0]
["2023-05-30","ATLAS DIGITAL SA","EL094154295","JP","GR","EXW",1,1.1,3,null,"84439990","ROLAND ASSY,HEAD INKJET VS-640",null,"Buc",2,7318.65,0,14637.3,null,null,0,0]
["2023-05-30","ATLAS DIGITAL SA","EL094154295","JP","GR","EXW",1,1.1,3,null,"32151100","ROLAND EUV4 BK",null,"Buc",3,301.8,1.41,905.4,null,null,0.45,1.14]
["2023-05-30","ATLAS DIGITAL SA","EL094154295","JP","GR","EXW",1,1.1,3,null,"84439990","ROLAND XD-CH3",null,"Buc",6,241.44,0,1448.64,null,null,0,0]
["2023-05-30","ATLAS DIGITAL SA","EL094154295","JP","GR","EXW",1,1.1,3,null,"32151900","ROLAND ESL3-440 MG",null,"Buc",3,397.37,1.86,1192.11,null,null,0.75,0.39]
["2023-05-30","ATLAS DIGITAL SA","EL094154295","JP","GR","EXW",1,1.1,3,null,"32151100","ROLAND TE2 INK BK 750cc",null,"Buc",1,286.71,1.71,286.71,null,null,0.17,0.12]
["2023-05-30","ATLAS DIGITAL SA","EL094154295","JP","GR","EXW",1,1.1,3,null,"32151900","ROLAND ESL3-440 YE",null,"Buc",2,397.37,1.24,794.74,null,null,0.5,0.26]
["2023-05-30","ATLAS DIGITAL SA","EL094154295","JP","GR","EXW",1,1.1,3,null,"32151900","ROLAND EUV PR",null,"Buc",3,331.98,1.41,995.9400000000001,null,null,0.45,1.14]
["2023-05-30","ATLAS DIGITAL SA","EL094154295","JP","GR","EXW",1,1.1,3,null,"32151900","ROLAND ESL3-440 CY",null,"Buc",2,397.37,1,794.74,null,null,0.5,0.5]
["2023-05-30","ATLAS DIGITAL SA","EL094154295","JP","GR","EXW",1,1.1,3,null,"32151900","ROLAND MAX2 ESL4-440 LC",null,"Buc",2,397.37,1.24,794.74,null,null,0.5,0.26]
["2023-05-30","ATLAS DIGITAL SA","EL094154295","JP","GR","EXW",1,1.1,3,null,"32151900","ROLAND UV PRIMER METAL CMR-790 (1000 ml)",null,"Buc",3,115.69,2.04,347.07,null,null,0.36,0.6000000000000001]
["2023-05-30","ATLAS DIGITAL SA","EL094154295","JP","GR","EXW",1,1.1,3,null,"84439990","ROLAND CABLE-CARD,15P1 2570L BB",null,"Buc",4,88.28,0,353.11,null,null,0,0]
["2023-05-30","ATLAS DIGITAL SA","EL094154295","JP","GR","EXW",1,1.1,3,null,"84439990","ROLAND WIPER,HEAD FOR UV INK",null,"Buc",10,49.04,0,490.43,null,null,0,0]
["2023-05-30","ATLAS DIGITAL SA","EL094154295","JP","GR","EXW",1,1.1,3,null,"84439990","ROLAND PAD,CUTTER BN-20",null,"Buc",2,32.7,0,65.39,null,null,0,0]
["2023-05-30","ATLAS DIGITAL SA","EL094154295","JP","GR","EXW",1,1.1,3,null,"84439990","ROLAND P-ROLLER FD16S4(B10) TYPE5 SG-VG-XR",null,"Buc",4,156.94,0,627.74,null,null,0,0]
["2023-05-30","ATLAS DIGITAL SA","EL094154295","JP","GR","EXW",1,1.1,3,null,"32151900","ROLAND EUV5 INK MG 500cc",null,"Buc",3,452.7,1.86,1358.1,null,null,0.75,0.39]
["2023-05-30","ATLAS DIGITAL SA","EL094154295","JP","GR","EXW",1,1.1,3,null,"32151900","ROLAND EUV5 INK WH 220cc",null,"Buc",3,231.38,1.41,694.14,null,null,0.45,1.14]
["2023-05-30","ATLAS DIGITAL SA","EL094154295","JP","GR","EXW",1,1.1,3,null,"32151900","ROLAND EUV5 DECAL PRIMER 220cc",null,"Buc",1,326.95,0.68,326.95,null,null,0.12,0.2]
["2023-05-30","ATLAS DIGITAL SA","EL094154295","JP","GR","EXW",1,1.1,3,null,"84439990","ROLAND CUTTING BLADE ZEC-U5022 55°/0.25, 2pcs",null,"Buc",5,166.74,0,833.72,null,null,0,0]
["2023-05-30","ATLAS DIGITAL SA","EL094154295","JP","GR","EXW",1,1.1,3,null,"84439990","ROLAND ASSY,IJ HEAD SOL 200L SV2 VG-640 ",null,"Buc",1,2432.51,0,2432.51,null,null,0,0]
["2023-05-30","ATLAS DIGITAL SA","EL094154295","JP","GR","EXW",1,1.1,3,null,"32151100","ROLAND EUV5 INK BK 500cc",null,"Buc",1,452.7,0.62,452.7,null,null,0.25,0.13]
["2023-05-30","ATLAS DIGITAL SA","EL094154295","JP","GR","EXW",1,1.1,3,null,"32151900","ROLAND EUV5 INK CY 500cc",null,"Buc",2,452.7,1.24,905.4,null,null,0.5,0.26]
["2023-05-30","ATLAS DIGITAL SA","EL094154295","JP","GR","EXW",1,1.1,3,null,"32151900","ROLAND EUV5 INK YE 500cc",null,"Buc",2,452.7,1.24,905.4,null,null,0.5,0.26]
["2023-05-30","ATLAS DIGITAL SA","EL094154295","JP","GR","EXW",1,1.1,3,null,"32151900","ROLAND EUV5 INK GL 500cc",null,"Buc",2,452.7,1.24,905.4,null,null,0.5,0.26]
["2023-05-30","ATLAS DIGITAL SA","EL094154295","JP","GR","EXW",1,1.1,3,null,"32151900","ROLAND EUV5 INK OR 500cc",null,"Buc",1,477.85,0.62,477.85,null,null,0.25,0.13]
["2023-05-30","ATLAS DIGITAL SA","EL094154295","JP","GR","EXW",1,1.1,3,null,"32151900","ROLAND EUV5 INK RE 500cc",null,"Buc",1,477.85,0.62,477.85,null,null,0.25,0.13]
["2023-05-08","BROTHER INT INDUSTRIEMASCHINEN GMBH","DE814895445","JP","DE","EXW",1,1.1,3,null,"32151900","BROTHER GCX-6W18L WHITE 18L (GTX6)",null,"Buc",1,8565,{"$f":"1.05*18","v":null},8565,null,null,{"$f":"0.2*18","v":null},{"$f":"0.25*18","v":null}]
["2023-05-08","BROTHER INT INDUSTRIEMASCHINEN GMBH","DE814895445","JP","DE","EXW",1,1.1,3,null,"32151900","BROTHER GT-3 INK WHITE 380cc (2 pcs)",null,"Buc",5,1040,11.75,5200,null,null,2,1.25]
["2023-05-08","BROTHER INT INDUSTRIEMASCHINEN GMBH","DE814895445","JP","DE","EXW",1,1.1,3,null,"84439990","BROTHER PRINT HEAD IH2DS (GT3)",null,"Buc",2,3657.5,0,7315,null,null,0,0]
["2023-05-08","BROTHER INT INDUSTRIEMASCHINEN GMBH","DE814895445","JP","DE","EXW",1,1.1,3,null,"84439990","BROTHER MAINTENANCE KIT 25K (PRO BULK)",null,"Buc",1,1428,0,1428,null,null,0,0]
["2023-05-08","BROTHER INT INDUSTRIEMASCHINEN GMBH","DE814895445","JP","DE","EXW",1,1.1,3,null,"84439990","BROTHER K/C HEAD TUBE ASSY",null,"Buc",2,347.75,0,695.5,null,null,0,0]
["2023-05-08","BROTHER INT INDUSTRIEMASCHINEN GMBH","DE814895445","JP","DE","EXW",1,1.1,3,null,"84439990","BROTHER Y/M HEAD TUBE ASSY",null,"Buc",2,348.8,0,697.6,null,null,0,0]
["2023-05-08","BROTHER INT INDUSTRIEMASCHINEN GMBH","DE814895445","JP","DE","EXW",1,1.1,3,null,"84439990","BROTHER CARRIAGE PCB COVER (GTX)",null,"Buc",1,47.6,0,47.6,null,null,0,0]
["2023-05-08","BROTHER INT INDUSTRIEMASCHINEN GMBH","DE814895445","JP","DE","EXW",1,1.1,3,null,"84439990","BROTHER FLUSHING FOAM SET (PRO)",null,"Buc",6,59.5,0,357,null,null,0,0]
["2023-05-17","BROTHER INT INDUSTRIEMASCHINEN GMBH","DE814895445","JP","DE","EXW",1,1.1,3,null,"84439990","BROTHER GCX-6E18L CLEANING SOLUTION 18L (GTX6)",null,"Buc",1,1556.25,0,1556.25,null,null,0,0]
["2023-05-17","BROTHER INT INDUSTRIEMASCHINEN GMBH","DE814895445","JP","DE","EXW",1,1.1,3,null,"32151900","BROTHER GTX INK WHITE 700cc (2 pcs)",null,"Buc",30,1224.55,87,36736.5,null,null,15,18]
["2023-05-17","BROTHER INT INDUSTRIEMASCHINEN GMBH","DE814895445","JP","DE","EXW",1,1.1,3,null,"32151900","BROTHER GT-3 INK WHITE 380cc (2 pcs)",null,"Buc",5,1040,11.75,5200,null,null,2,1.25]
["2023-05-17","BROTHER INT INDUSTRIEMASCHINEN GMBH","DE814895445","JP","DE","EXW",1,1.1,3,null,"32151900","BROTHER GTX INK YELLOW 700cc",null,"Buc",4,731.5,5.4,2926,null,null,1.4,1.2]
["2023-05-17","BROTHER INT INDUSTRIEMASCHINEN GMBH","DE814895445","JP","DE","EXW",1,1.1,3,null,"32151900","BROTHER GT-3 INK MAGENTA 380cc",null,"Buc",3,619.5,3.15,1858.5,null,null,0.6000000000000001,0.75]
["2023-05-17","BROTHER INT INDUSTRIEMASCHINEN GMBH","DE814895445","JP","DE","EXW",1,1.1,3,null,"32151100","BROTHER GT-3 INK BLACK 380cc",null,"Buc",3,619.5,3.15,1858.5,null,null,0.6000000000000001,0.75]
["2023-05-17","BROTHER INT INDUSTRIEMASCHINEN GMBH","DE814895445","JP","DE","EXW",1,1.1,3,null,"32151900","BROTHER GT-3 INK CYAN 380cc",null,"Buc",2,619.5,2.1,1239,null,null,0.4,0.5]
["2023-05-17","BROTHER INT INDUSTRIEMASCHINEN GMBH","DE814895445","JP","DE","EXW",1,1.1,3,null,"34029090","BROTHER GT-3 MAINT. SOL 5L",null,"Buc",2,428,7.76,856,null,null,1.2,3.04]
["2023-05-17","BROTHER INT INDUSTRIEMASCHINEN GMBH","DE814895445","JP","DE","EXW",1,1.1,3,null,"34029090","BROTHER FULL MAINTENANCE KIT (GT3)",null,"Set",4,189,4,756,null,null,1,1]
["2023-05-17","BROTHER INT INDUSTRIEMASCHINEN GMBH","DE814895445","JP","DE","EXW",1,1.1,3,null,"84439990","BROTHER PALL-LCF12100 FILTER 10MY (COLOR)",null,"Buc",6,38.5,0,231,null,null,0,0]
["2023-05-17","BROTHER INT INDUSTRIEMASCHINEN GMBH","DE814895445","JP","DE","EXW",1,1.1,3,null,"84439990","BROTHER GREASE EM-30L",null,"Buc",2,115.5,0,231,null,null,0,0]
["2023-05-17","BROTHER INT INDUSTRIEMASCHINEN GMBH","DE814895445","JP","DE","EXW",1,1.1,3,null,"84439990","BROTHER CARRIAGE PCB ASSY (GTX)",null,"Buc",1,349.65,0,349.65,null,null,0,0]
["2023-05-17","BROTHER INT INDUSTRIEMASCHINEN GMBH","DE814895445","JP","DE","EXW",1,1.1,3,null,"84439990","BROTHER ENCODER STRIP (GT3/GTX)",null,"Buc",1,200.75,0,200.75,null,null,0,0]
["2023-05-30","BROTHER INT INDUSTRIEMASCHINEN GMBH","DE814895445","JP","DE","EXW",1,1.1,3,null,"32151900","BROTHER GT-3 INK YELLOW 380cc",null,"Buc",4,623.22,4.2,2492.87,null,null,0.8,1]
["2023-05-30","BROTHER INT INDUSTRIEMASCHINEN GMBH","DE814895445","JP","DE","EXW",1,1.1,3,null,"32151900","BROTHER GTX INK YELLOW 700cc",null,"Buc",8,735.89,10.8,5887.11,null,null,2.8,2.4]
["2023-05-08","ISOCARBO SRL","IT01487730135","IT","IT","EXW",1,1.1,3,null,"32151100","ISONIK ST-E44 EVO ISO BK (1 KG)",null,"Buc",11,125,0.55,1375,null,null,2.2,8.25]
["2023-05-08","ISOCARBO SRL","IT01487730135","IT","IT","EXW",1,1.1,3,null,"32151900","ISONIK ST-E44 EVO CY (1 KG)",null,"Buc",11,125,0.55,1375,null,null,2.2,8.25]
["2023-05-08","ISOCARBO SRL","IT01487730135","IT","IT","EXW",1,1.1,3,null,"32151900","ISONIK ST-E44 EVO MG (1 KG)",null,"Buc",8,125,0.4,1000,null,null,1.6,6]
["2023-05-08","ISOCARBO SRL","IT01487730135","IT","IT","EXW",1,1.1,3,null,"32151900","ISONIK ST-E44 EVO YE (1 KG)",null,"Buc",6,125,0.3,750,null,null,1.2,4.5]
["2023-05-16","IVERSEN GRAPHIC S.L.U.","B64099716","ES","ES","EXW",1,1.1,3,null,"84439990","IG DTF FILM D-LUX PRO, A3 (250 SHEETS)",null,"Buc",12,353.95,0,4247.4,null,null,0,0]
["2023-05-16","IVERSEN GRAPHIC S.L.U.","B64099716","ES","ES","EXW",1,1.1,3,null,"84439990","IG DTF POWDER PU75 2KG",null,"Buc",1,0,0,0,null,null,0,0]
["2023-05-16","IVERSEN GRAPHIC S.L.U.","B64099716","ES","ES","EXW",1,1.1,3,null,"84439990","IG DTF POWDER PU60 2KG",null,"Buc",1,0,0,0,null,null,0,0]
["2023-05-19","STAHLS EUROPE GMBH","DE137872290","DE","DE","EXW",1,1.1,3,null,"84513000","ST HOTRONIX AIR FUSION 40x50",null,"Buc",4,19395,100,77580,null,null,0,88]
["2023-05-08","WALTER SCHULZE GMBH","DE136596684","DE","DE","EXW",1,1.1,3,null,"84439990","SCH DTF FILM PREMIUM, A3 MATT-GLOSS HOTPEEL (100 SHEETS)",null,"Buc",10,213.9,0,2139,null,null,0,0]

{"sheet":"Sheet","index":1,"n_rows":0,"n_cols":0,"rows_kept":0,"cut":false,"hidden":false,"merged":[]}